LEADER 01437nam2 22003013i 450 001 BVE0091385 005 20251003044055.0 100 $a20140621d1995 ||||0itac50 ba 101 | $aita 102 $ait 181 1$6z01$ai $bxxxe 182 1$6z01$an 200 1 $aˆ1: La ‰disciplina delle attività e degli intermediari$f\a cura di! ABI 210 $aRoma$cBancaria$d\1995! 215 $aXXIV, 361 p.$d24 cm. 461 1$1001BVE0091381$12001 $aˆLe ‰norme del mercato mobiliare$f\a cura di! ABI$v1 712 02$aABI$c $3CFIV013528 791 02$aAssociazione bancaria italiana$b : Area studi e tecnologie$3CFIV013529$zABI 791 02$aAssociazione bancaria italiana$3CFIV209161$zABI 791 02$aAssociazione bancaria italiana$b : Area studi e tecnologie$3CFIV013529$zABI 791 02$aAssociazione bancaria italiana$3CFIV209161$zABI 801 3$aIT$bIT-000000$c20140621 850 $aIT-BN0095 912 $aBVE0091385 950 2$aBiblioteca Centralizzata di Ateneo$cv. 1-4$d 01POZZO LIB.ECON MON 9700$e 0101 0000105475E VMA (0001 v. 1 (Precedente collocazione: GUERRAZZI B 897 1)$fB $h20080131$i20080131 977 $a 01 996 $aDisciplina delle attività e degli intermediari$961361 997 $aUNISANNIO